| 000 | 00349 a2200157 4500 | ||
|---|---|---|---|
| 001 | 154536 | ||
| 040 | _cEscola São Tomás de Aquino | ||
| 100 | _aCRUZ, Therezinha M. L. da | ||
| 240 | 1 | 0 |
_aDescobrindo Caminhos _lpor |
| 245 | 1 | 0 | _aDescobrindo Caminhos |
| 300 | _a151 | ||
| 362 | 0 | _a2002 | |
| 440 | 1 | _aFTD | |
| 697 | _aRELIGIÃO | ||
| 942 | _cBK | ||
| 999 |
_c154536 _d154536 |
||